<?xml version="1.0" encoding="UTF-8"?>
<record
    xmlns:xsi="http://www.w3.org/2001/XMLSchema-instance"
    xsi:schemaLocation="http://www.loc.gov/MARC21/slim http://www.loc.gov/standards/marcxml/schema/MARC21slim.xsd"
    xmlns="http://www.loc.gov/MARC21/slim">

  <leader>01702naa a2200265 i 4500</leader>
  <controlfield tag="001">4982</controlfield>
  <controlfield tag="003">KOSZ 005</controlfield>
  <controlfield tag="005">20180403104018.0</controlfield>
  <controlfield tag="008">160113s2006    pl  |  f     |100 ||pol</controlfield>
  <datafield tag="040" ind1=" " ind2=" ">
    <subfield code="c">BPK</subfield>
    <subfield code="d">KOSZ 005/HR</subfield>
  </datafield>
  <datafield tag="041" ind1=" " ind2=" ">
    <subfield code="a">pol</subfield>
    <subfield code="b">eng</subfield>
  </datafield>
  <datafield tag="080" ind1=" " ind2=" ">
    <subfield code="a">66.045.1</subfield>
  </datafield>
  <datafield tag="100" ind1="1" ind2=" ">
    <subfield code="a">OR&#x141;OWSKA, Magdalena.</subfield>
    <subfield code="b">Politechnika Koszali&#x144;ska - Wydzia&#x142; Mechaniczny,</subfield>
    <subfield code="c">Katedra Techniki Cieplnej i Ch&#x142;odnictwa</subfield>
  </datafield>
  <datafield tag="245" ind1="1" ind2="0">
    <subfield code="a">Urz&#x105;dzenie do pomiaru strumienia ciep&#x142;a /</subfield>
    <subfield code="c">Magdalena Szpakowska, Marian Czapp.</subfield>
  </datafield>
  <datafield tag="246" ind1="3" ind2="0">
    <subfield code="a">Appliance to survey a heat stream</subfield>
  </datafield>
  <datafield tag="500" ind1=" " ind2=" ">
    <subfield code="a">Dane z autopsji.</subfield>
  </datafield>
  <datafield tag="520" ind1=" " ind2=" ">
    <subfield code="a">Zasadniczym elementem stanowiska do badania konwekcyjnej wymiany ciep&#x142;a jest aparat do pomiaru wielko&#x15B;ci strumienia ciep&#x142;a. Eksperymentalne badanie proces&#xF3;w konwekcyjnej wymiany ciep&#x142;a wymaga stosowania wymiennika ciep&#x142;a o specjalnej konstrukcji. Przyk&#x142;adem mo&#x17C;e by&#x107; p&#x142;ytowy wymiennik ciep&#x142;a, kt&#xF3;rego konstrukcja przedstawiona jest w niniejszym artykule. W urz&#x105;dzeniu tym wykorzystano zale&#x17C;no&#x15B;&#x107; temperatury nasycenia skraplaj&#x105;cej si&#x119; pary wodnej od ci&#x15B;nienia nasycenia - r&#xF3;wnego warto&#x15B;ci ci&#x15B;nienia barometrycznego.</subfield>
  </datafield>
  <datafield tag="650" ind1=" " ind2="0">
    <subfield code="a">Termodynamika techniczna.</subfield>
  </datafield>
  <datafield tag="650" ind1=" " ind2="0">
    <subfield code="a">Wymienniki ciep&#x142;a.</subfield>
  </datafield>
  <datafield tag="655" ind1=" " ind2="0">
    <subfield code="a">Materia&#x142;y konferencyjne.</subfield>
  </datafield>
  <datafield tag="700" ind1="1" ind2=" ">
    <subfield code="a">CZAPP, Marian.</subfield>
    <subfield code="d">1996 - 2004.</subfield>
    <subfield code="b">Politechnika Koszali&#x144;ska - Wydzia&#x142; Mechaniczny,</subfield>
    <subfield code="c">Katedra Techniki Cieplnej i Ch&#x142;odnictwa</subfield>
  </datafield>
  <datafield tag="711" ind1="2" ind2="2">
    <subfield code="a">Konferencja "Doktoranci dla gospodarki"</subfield>
    <subfield code="d">(2006;</subfield>
    <subfield code="c">Koszalin / Sarbinowo, Polska).</subfield>
  </datafield>
  <datafield tag="773" ind1="0" ind2=" ">
    <subfield code="i">W :</subfield>
    <subfield code="t">Zeszyty Naukowe Wydzia&#x142;u Mechanicznego Politechniki Koszali&#x144;skiej. -</subfield>
    <subfield code="d">Koszalin : Wydaw. Uczelniane Politechniki Koszali&#x144;skiej, 2006. -</subfield>
    <subfield code="g">Nr 39, s. 83-87</subfield>
  </datafield>
  <datafield tag="942" ind1=" " ind2=" ">
    <subfield code="c">ART</subfield>
    <subfield code="2">UKD</subfield>
  </datafield>
  <datafield tag="999" ind1=" " ind2=" ">
    <subfield code="c">4982</subfield>
    <subfield code="d">4982</subfield>
  </datafield>
  <datafield tag="952" ind1=" " ind2=" ">
    <subfield code="0">0</subfield>
    <subfield code="1">0</subfield>
    <subfield code="4">0</subfield>
    <subfield code="7">0</subfield>
    <subfield code="a">BPK</subfield>
    <subfield code="b">BPK</subfield>
    <subfield code="o">0100</subfield>
    <subfield code="y">ART</subfield>
  </datafield>
</record>
